000 00714nam a2200253Ia 4500
003 OSt
005 20220927105859.0
006 a|||||r|||| 00| 0
007 ta
008 220926b |||||||| |||| 00| 0 eng d
024 _a13978
037 _cReference Collections
040 _aRTL
_cRTL
_beng
041 _2eng
_aeng
082 _a"X:54.30K41.N46t, H8"
110 _aGreat Britain. Trade mission to China
_9375534
245 0 _aReport
260 _aLondon
_bHMSO U.K.
_c1948
300 _a232p.
_ccm.
650 _aExpoet
_9375535
700 _aGreat Britain. Trade mission to China
_9375536
942 _h"X:54.30K41.N46t, H8"
_cCC
999 _c695058
_d695058